Library of the University of Algiers 3
Ibrahim Sultan Cheibout
شعار جامعة الجزائر 3
مكتبة جامعة الجزائر 3
إبراهيم سلطان شيبوط

العلاقات الدولية في التاريخ الحديث والمعاصر / (رقم التسجيلة. 45360)

تفاصيل مارك
000 -LEADER
fixed length control field 00990nam a2200205Ia 4500
003 - CONTROL NUMBER IDENTIFIER
control field Ost
005 - DATE AND TIME OF LATEST TRANSACTION
control field 20260507075639.0
008 - FIXED-LENGTH DATA ELEMENTS--GENERAL INFORMATION
fixed length control field 260507s9999||||xx |||||||||||||| ||und||
040 ## - CATALOGING SOURCE
Transcribing agency fsecg
041 ## - LANGUAGE CODE
Language code of text/sound track or separate title ara
082 ## - DEWEY DECIMAL CLASSIFICATION NUMBER
Classification number 327
100 ## - MAIN ENTRY--PERSONAL NAME
Personal name القوزي، ،محمد علي
Relator term مؤلف
245 #0 - TITLE STATEMENT
Title العلاقات الدولية في التاريخ الحديث والمعاصر /
Statement of responsibility, etc. محمد علي القوزي
260 ## - PUBLICATION, DISTRIBUTION, ETC.
Place of publication, distribution, etc. بيروت:
Name of publisher, distributor, etc. دارالنهضة العربية,
Date of publication, distribution, etc. 2002
300 ## - PHYSICAL DESCRIPTION
Extent 416 صفحة؛
Dimensions 24 سم
520 ## - SUMMARY, ETC.
Summary, etc. يتناول العلاقات الدولية من الثورة الفرنسية حتى الحرب العالمية الاولى والعلاقة بعد الحرب العالمية الثانية وبعض النماذج منها وكذا النظام العالمي الجديد والعلاقات الدولية للعالم العربي
653 ## - INDEX TERM--UNCONTROLLED
Uncontrolled term التاريخ الحديث
653 ## - INDEX TERM--UNCONTROLLED
Uncontrolled term العلاقات الدولية
942 ## - ADDED ENTRY ELEMENTS (KOHA)
Koha item type كتب
المقتنيات
Withdrawn status Lost status Source of classification or shelving scheme Damaged status Not for loan Home library Current library Date acquired Serial enumeration / chronology Inventory number Total checkouts Full call number Barcode Date last seen Price effective from Koha item type
    Dewey Decimal Classification   NOT LOAN / إعارة داخلية مكتبة كلية العلوم الإقتصادية والعلوم التجارية وعلوم التسيير مكتبة كلية العلوم الإقتصادية والعلوم التجارية وعلوم التسيير 07/05/2026 الطابق الأرضي 841/1   أ/841ن1 841/1 07/05/2026 07/05/2026 كتب

موارد الويب المفتوحة


© University of Algiers 3 All Rights Reserved
|
Implemented by LECHELAH Riad